<?xml version="1.0" encoding="UTF-8"?>
<record
    xmlns:xsi="http://www.w3.org/2001/XMLSchema-instance"
    xsi:schemaLocation="http://www.loc.gov/MARC21/slim http://www.loc.gov/standards/marcxml/schema/MARC21slim.xsd"
    xmlns="http://www.loc.gov/MARC21/slim">

  <leader>04130pam a2200325 i 4500</leader>
  <controlfield tag="001">7590347</controlfield>
  <controlfield tag="003">CaAEU</controlfield>
  <controlfield tag="005">20250707135949.0</controlfield>
  <controlfield tag="008">160415t20162016nyua     b    001 0 eng  </controlfield>
  <datafield tag="010" ind1=" " ind2=" ">
    <subfield code="a">  2016016991</subfield>
  </datafield>
  <datafield tag="020" ind1=" " ind2=" ">
    <subfield code="a">9781501306686</subfield>
  </datafield>
  <datafield tag="035" ind1=" " ind2=" ">
    <subfield code="a">ocn908262355</subfield>
  </datafield>
  <datafield tag="040" ind1=" " ind2=" ">
    <subfield code="a">DLC</subfield>
    <subfield code="b">eng</subfield>
    <subfield code="e">rda</subfield>
    <subfield code="c">DLC</subfield>
    <subfield code="d">YDXCP</subfield>
    <subfield code="d">BTCTA</subfield>
    <subfield code="d">BDX</subfield>
    <subfield code="d">OCLCO</subfield>
    <subfield code="d">OCLCQ</subfield>
    <subfield code="d">OCLCO</subfield>
    <subfield code="d">OCLCF</subfield>
    <subfield code="d">OCLCO</subfield>
    <subfield code="d">UAB</subfield>
  </datafield>
  <datafield tag="041" ind1=" " ind2=" ">
    <subfield code="a">English</subfield>
  </datafield>
  <datafield tag="042" ind1=" " ind2=" ">
    <subfield code="a">pcc</subfield>
  </datafield>
  <datafield tag="050" ind1="0" ind2="0">
    <subfield code="a">HF5415.1255</subfield>
    <subfield code="b">D37 2016</subfield>
  </datafield>
  <datafield tag="100" ind1=" " ind2=" ">
    <subfield code="a">D'Arienzo, William,</subfield>
    <subfield code="e">author.</subfield>
    <subfield code="9">25690</subfield>
  </datafield>
  <datafield tag="245" ind1="1" ind2="0">
    <subfield code="a">Brand management strategies </subfield>
    <subfield code="b">: luxury and mass markets </subfield>
    <subfield code="c">/ William D'Arienzo.</subfield>
  </datafield>
  <datafield tag="264" ind1=" " ind2="1">
    <subfield code="a">New York :</subfield>
    <subfield code="b">Fairchild Books, an imprint of Bloomsbury Publishing Inc,</subfield>
    <subfield code="c">2016.</subfield>
  </datafield>
  <datafield tag="264" ind1=" " ind2="4">
    <subfield code="c">&#xA9;2016</subfield>
  </datafield>
  <datafield tag="300" ind1=" " ind2=" ">
    <subfield code="a">xv, 368 pages :</subfield>
    <subfield code="b">illustrations ;</subfield>
    <subfield code="c">24 cm</subfield>
  </datafield>
  <datafield tag="504" ind1=" " ind2=" ">
    <subfield code="a">Includes bibliographical references and index.</subfield>
  </datafield>
  <datafield tag="505" ind1="8" ind2=" ">
    <subfield code="a">Part One: The Evolution of Brands &#x2014;
The Emergence of Brands &#x2014;
The Nature of Luxury Brands &#x2014;
From Luxury to Mass &#x2014;

Part Two: Building the Brand &#x2014;
Segmentation Models &#x2014;
Brand Loyalty &#x2014;
The Brand Promise &#x2014;
Measuring Brand Value &#x2014;
Creating Brand Names and Protecting Trademarks &#x2014;

Part Three: Maintaining the Brand &#x2014;
Staying On-Brand in a Consumer-Centric Age &#x2014;
The Brand Lifecycle &#x2014;
Consumer Brand Engagement &#x2014;

Part Four: Brand Perspectives in the Global and Digital World &#x2014;
Mass Brand Management in a Digital World &#x2014;
Luxury Brand Management in a Digital World &#x2014;
Global Brand Management &#x2014;
Insights and Trends in Brand Management Research.</subfield>
  </datafield>
  <datafield tag="520" ind1=" " ind2=" ">
    <subfield code="a">"Brand Management Strategies: Luxury and Mass Markets explains how a brand can successfully drive global business development. The text takes an applied approach with supporting examples from current fashion and non-fashion brands. The book provides an introduction to the evolution of branding, next discusses the consumer and business perspectives of branding, and how to create and maintain successful brands. D'Arienzo's approach rests on these three main pillars of branding: We are all in the Consumer Packaged Goods business. We are all in the business of solving problems for consumers rather than selling to them. We are all in a consumer-centric global culture and brands are its universal language. Building from this strategic framework, a unique theme throughout this book is the analyses of luxury brand strategies and how they differ from their mainstream mass market brand counterparts. Matrices and tools in the book have been developed and tested in both the classroom and boardroom. Brand Management Strategies provides students with the tools, techniques, and strategies needed to learn how to effectively establish a brand and build a sustainable business."--</subfield>
    <subfield code="c">Provided by publisher.</subfield>
  </datafield>
  <datafield tag="520" ind1=" " ind2=" ">
    <subfield code="a">"Brand Management Strategies: Luxury and Mass Markets explains how a brand can successfully drive global business development. The text takes an applied approach with supporting examples from current fashion and non-fashion brands. The book provides an introduction to the evolution of branding, next discusses the consumer and business perspectives of branding, and how to create and maintain successful brands. D'Arienzo's approach rests on these three main pillars of branding: We are all in the Consumer Packaged Goods business. We are all in the business of solving problems for consumers rather than selling to them. We are all in a consumer-centric global culture and brands are its universal language. Building from this strategic framework, a unique theme throughout this book is the analyses of luxury brand strategies and how they differ from their mainstream mass market brand counterparts. Matrices and tools in the book have been developed and tested in both the classroom and boardroom. Brand Management Strategies provides students with the tools, techniques, and strategies needed to learn how to effectively establish a brand and build a sustainable business"--</subfield>
    <subfield code="c">Provided by publisher.</subfield>
  </datafield>
  <datafield tag="650" ind1=" " ind2="0">
    <subfield code="a">Branding (Marketing)</subfield>
    <subfield code="9">6284</subfield>
  </datafield>
  <datafield tag="650" ind1=" " ind2="0">
    <subfield code="a">Brand name products </subfield>
    <subfield code="x">Management</subfield>
    <subfield code="9">2369</subfield>
  </datafield>
  <datafield tag="650" ind1=" " ind2="0">
    <subfield code="a">Customer relations</subfield>
    <subfield code="9">3627</subfield>
  </datafield>
  <datafield tag="942" ind1=" " ind2=" ">
    <subfield code="2">lcc</subfield>
  </datafield>
  <datafield tag="952" ind1=" " ind2=" ">
    <subfield code="0">0</subfield>
    <subfield code="1">0</subfield>
    <subfield code="2">lcc</subfield>
    <subfield code="4">0</subfield>
    <subfield code="7">0</subfield>
    <subfield code="a">TBS</subfield>
    <subfield code="b">TBS</subfield>
    <subfield code="d">2025-07-07</subfield>
    <subfield code="l">0</subfield>
    <subfield code="o">HF5415.1255 DAR</subfield>
    <subfield code="r">2025-07-07</subfield>
    <subfield code="t">1</subfield>
    <subfield code="w">2025-07-07</subfield>
    <subfield code="y">1</subfield>
    <subfield code="z">SOON AVAILABLE</subfield>
  </datafield>
  <datafield tag="999" ind1=" " ind2=" ">
    <subfield code="c">4833</subfield>
    <subfield code="d">4833</subfield>
  </datafield>
</record>
